Ethel Cain Iceberg - Statistics

General Stats
  • This quiz has been taken 238 times
  • The average score is 6 of 6
Answer Stats
Hint Answer % Correct
d*sturbing, visceral d*ath, v*olence, s.a., inc*st, s.h. ptolemaeatwo children in a motel gold cross head in the wall august underground selby wall hard times
98%
very dark, literal d*ath, v*olence, s.a. stangerschild of cain powerline valley inbred televangelism earnhardt unpunishable
97%
love, yearning, boredom, bleak crushamerican teenager michelle pfeiffer lillies
96%
disorienting, conceptual d*ath, v*olence, ab*se gibson girlsun bleached flies crying during s__ family tree (intro) two-headed mother
92%
impending doom, danger, implied v*olence/ab*se western nightsage of delilah knuckle velvet family tree sunday morning
88%
heartbreak, depression, unease casingsgolden age god's country a house in nebraska thoroughfare
83%
No matching quizzes found
Score Distribution
Percent of People with Each Score
Percentile by Number Answered
Your Score History
You have not taken this quiz